| 000 | 00798nam a2200253Ia 4500 | ||
|---|---|---|---|
| 003 | OSt | ||
| 005 | 20220927105902.0 | ||
| 006 | a|||||r|||| 00| 0 | ||
| 007 | ta | ||
| 008 | 220926b |||||||| |||| 00| 0 eng d | ||
| 024 | _a47163 | ||
| 037 | _cReference Collections | ||
| 040 |
_aRTL _cRTL _beng |
||
| 041 |
_2eng _aeng |
||
| 082 | _a"X:89K33.2N7, L6" | ||
| 111 |
_aSeminar on national capital region (1975 : New Delhi) _9375566 |
||
| 245 | 0 |
_aProceedings _b N C R official summary and background |
|
| 260 |
_aNew _bDelhi P H D C I India _c1976 |
||
| 300 |
_avarious Paginations _ccm. |
||
| 500 | _aPunjab Haryana and Delhi chamber of commerce and industrry | ||
| 650 | _aRegional Economics | ||
| 942 |
_h"X:89K33.2N7, L6" _cCC |
||
| 999 |
_c695081 _d695081 |
||